000 00600nam a22001937a 4500
005 20180803123409.0
010 _aB-701151
020 _a9788174821812
_c170.00
035 _aB-701151
037 _bUpkar Prakashan
082 _a000
100 _aKumar Sundram
245 _aUpkar's compendium general knowledge with latest data & facts /
_cby Kumar Sundram
260 _aAgra
_bUpkar Prakashan
_c2018
270 _a2/11A, Swadeshi Bima Nagar,
_bAgra
_e282-002
300 _a248p.
_c27cm(Pbk.)
942 _2ddc
_cEN
_h000
_mSUN
999 _c155351
_d155351